=LDR 00000nam 2200000 4500 =001 INLIS000000000014653 =005 20130612105930 =008 ***********************************Ind** =035 ##$$0010-061300000014653 =041 ##$$a Ind =082 ##$$a 633.61 =090 ##$$a 633.61, Set t =100 ##$$a Setyamijaya, Juhana =245 ##$$a Tebu, bercocok tanam dan pascapanen, Jakarta setyanijaya, Husami azhari =260 ##$$a 1992 $b Jakarta =300 ##$$a 152 hlm, Ilus, 21 cm =650 ##$$a Tebu =700 ##$$a Azharari, husani =850 ##$$a NBPNMAT